[Event "45th FIDE Chess Olympiad Open"]
[Site "Budapest, Hungary"]
[Date "2024.09.22"]
[Round "11"]
[White "Rodrigue-Lemieux, Shawn"]
[Black "Nguyen, Ngoc Truong Son"]
[Result "1/2-1/2"]
[Board "65"]
[WhiteFideId "2620049"]
[BlackFideId "12401110"]
[WhiteTitle "GM"]
[BlackTitle "GM"]
[WhiteElo "2509"]
[BlackElo "2633"]
[WhiteTeam "Canada"]
[BlackTeam "Vietnam"]
[WhiteClock "0:19:21"]
[BlackClock "0:13:22"]
[Variant "Standard"]

1. e4 {[%clk 1:30:55]}  e5 {[%clk 1:30:36]} 2. Nf3 {[%clk 1:31:18]}  Nc6 {[%clk 1:30:59]} 3. Bc4 {[%clk 1:30:31]}  Bc5 {[%clk 1:31:06]} 4. c3 {[%clk 1:30:51]}  Nf6 {[%clk 1:31:23]} 5. d3 {[%clk 1:31:01]}  O-O {[%clk 1:31:32]} 6. O-O {[%clk 1:31:21]}  d5 {[%clk 1:31:14]} 7. exd5 {[%clk 1:30:17]}  Nxd5 {[%clk 1:31:35]} 8. h3 {[%clk 1:29:22]}  Nb6 {[%clk 1:29:45]} 9. Bb5 {[%clk 1:29:14]}  Re8 {[%clk 1:28:58]} 10. Re1 {[%clk 1:27:34]}  Bd7 {[%clk 1:27:43]} 11. Nbd2 {[%clk 1:17:01]}  Bd6 {[%clk 1:26:42]} 12. Nc4 {[%clk 1:07:03]}  Qf6 {[%clk 1:25:47]} 13. Nxb6 {[%clk 0:59:52]}  axb6 {[%clk 1:23:28]} 14. Bc4 {[%clk 1:00:06]}  h6 {[%clk 1:21:53]} 15. a3 {[%clk 0:54:59]}  Rad8 {[%clk 1:19:34]} 16. Be3 {[%clk 0:48:00]}  Bf5 {[%clk 1:14:05]} 17. Qe2 {[%clk 0:42:38]}  e4 {[%clk 1:07:32]} 18. dxe4 {[%clk 0:42:40]}  Bxe4 {[%clk 1:06:52]} 19. Rad1 {[%clk 0:41:23]}  Bxf3 {[%clk 0:54:57]} 20. Qxf3 {[%clk 0:41:35]}  Qxf3 {[%clk 0:55:07]} 21. gxf3 {[%clk 0:41:57]}  Ne5 {[%clk 0:55:04]} 22. Be2 {[%clk 0:41:34]}  Ng6 {[%clk 0:51:40]} 23. Rd4 {[%clk 0:36:53]}  Bc5 {[%clk 0:50:53]} 24. Rxd8 {[%clk 0:33:02]}  Rxd8 {[%clk 0:51:17]} 25. Kf1 {[%clk 0:32:43]}  Bxe3 {[%clk 0:41:41]} 26. fxe3 {[%clk 0:33:07]}  Rd2 {[%clk 0:42:04]} 27. Rb1 {[%clk 0:33:15]}  Kf8 {[%clk 0:36:47]} 28. Ke1 {[%clk 0:31:30]}  Rd6 {[%clk 0:37:02]} 29. b4 {[%clk 0:28:36]}  Ke7 {[%clk 0:34:13]} 30. c4 {[%clk 0:26:33]}  Nh4 {[%clk 0:28:28]} 31. c5 {[%clk 0:16:54]}  bxc5 {[%clk 0:22:14]} 32. bxc5 {[%clk 0:17:17]}  Rd5 {[%clk 0:22:25]} 33. Rxb7 {[%clk 0:14:42]}  Rxc5 {[%clk 0:22:48]} 34. Kd2 {[%clk 0:09:59]}  g5 {[%clk 0:22:03]} 35. a4 {[%clk 0:09:01]}  Kd6 {[%clk 0:20:30]} 36. Ra7 {[%clk 0:03:14]}  Rd5+ {[%clk 0:18:58]} 37. Kc3 {[%clk 0:03:17]}  Re5 {[%clk 0:19:16]} 38. e4 {[%clk 0:02:41]}  Rc5+ {[%clk 0:17:01]} 39. Kb2 {[%clk 0:01:36]}  Ng2 {[%clk 0:13:44]} 40. a5 {[%clk 0:01:22]}  Ne3 {[%clk 0:13:34]} 41. Kb1 {[%clk 0:18:54]}  Rc2 {[%clk 0:36:57]} 42. Bb5 {[%clk 0:19:16]}  Rc5 {[%clk 0:30:23]} 43. Be2 {[%clk 0:19:36]}  Rc2 {[%clk 0:14:06]} 44. Bb5 {[%clk 0:19:21]}  Rc5 {[%clk 0:13:22]} 1/2-1/2

[Event "45th FIDE Chess Olympiad Open"]
[Site "Budapest, Hungary"]
[Date "2024.09.22"]
[Round "11"]
[White "Rodshtein, Maxim"]
[Black "Atabayev, Saparmyrat"]
[Result "1-0"]
[Board "69"]
[WhiteFideId "2806851"]
[BlackFideId "14000571"]
[WhiteTitle "GM"]
[BlackTitle "IM"]
[WhiteElo "2600"]
[BlackElo "2516"]
[WhiteTeam "Israel"]
[BlackTeam "Turkmenistan"]
[WhiteClock "0:07:35"]
[BlackClock "0:01:41"]
[Variant "Standard"]

1. Nf3 {[%clk 1:30:49]}  Nf6 {[%clk 1:30:43]} 2. g3 {[%clk 1:30:37]}  d5 {[%clk 1:31:04]} 3. Bg2 {[%clk 1:30:56]}  Bg4 {[%clk 1:30:21]} 4. O-O {[%clk 1:30:30]}  Nbd7 {[%clk 1:30:38]} 5. d3 {[%clk 1:27:31]}  e5 {[%clk 1:30:32]} 6. h3 {[%clk 1:26:08]}  Bxf3 {[%clk 1:28:14]} 7. Bxf3 {[%clk 1:26:32]}  c6 {[%clk 1:28:39]} 8. e4 {[%clk 1:25:41]}  dxe4 {[%clk 1:25:51]} 9. dxe4 {[%clk 1:26:08]}  Nc5 {[%clk 1:21:53]} 10. Qe2 {[%clk 1:11:52]}  Qd7 {[%clk 1:13:48]} 11. Bg2 {[%clk 1:06:18]}  Ne6 {[%clk 1:02:26]} 12. Rd1 {[%clk 0:55:01]}  Nd4 {[%clk 0:58:12]} 13. Qf1 {[%clk 0:54:01]}  O-O-O {[%clk 0:56:00]} 14. Rd2 {[%clk 0:54:15]}  Qc7 {[%clk 0:56:07]} 15. c3 {[%clk 0:54:35]}  Ne6 {[%clk 0:56:30]} 16. Rxd8+ {[%clk 0:53:34]}  Qxd8 {[%clk 0:56:51]} 17. Nd2 {[%clk 0:48:51]}  h5 {[%clk 0:55:35]} 18. Nf3 {[%clk 0:48:05]}  Qc7 {[%clk 0:44:23]} 19. Qe2 {[%clk 0:41:31]}  Bc5 {[%clk 0:43:48]} 20. b4 {[%clk 0:36:21]}  Bb6 {[%clk 0:44:07]} 21. Bd2 {[%clk 0:24:50]}  Rd8 {[%clk 0:33:05]} 22. h4 {[%clk 0:18:33]}  Ng4 {[%clk 0:32:16]} 23. Be1 {[%clk 0:18:58]}  Qd6 {[%clk 0:31:40]} 24. Bh3 {[%clk 0:18:21]}  g6 {[%clk 0:29:38]} 25. a4 {[%clk 0:16:41]}  a6 {[%clk 0:28:47]} 26. Ra2 {[%clk 0:15:57]}  Qd3 {[%clk 0:21:26]} 27. Kg2 {[%clk 0:11:12]}  f6 {[%clk 0:18:47]} 28. Nh2 {[%clk 0:09:53]}  f5 {[%clk 0:17:44]} 29. Rd2 {[%clk 0:07:33]}  Qb1 {[%clk 0:12:18]} 30. Rxd8+ {[%clk 0:06:53]}  Nxd8 {[%clk 0:12:36]} 31. exf5 {[%clk 0:06:21]}  gxf5 {[%clk 0:11:56]} 32. Bxg4 {[%clk 0:06:35]}  fxg4 {[%clk 0:12:21]} 33. Qxe5 {[%clk 0:06:54]}  Bc7 {[%clk 0:12:27]} 34. Qe2 {[%clk 0:06:22]}  a5 {[%clk 0:12:41]} 35. f3 {[%clk 0:05:49]}  gxf3+ {[%clk 0:12:29]} 36. Nxf3 {[%clk 0:06:17]}  Qb3 {[%clk 0:08:16]} 37. Ng5 {[%clk 0:04:16]}  Qxa4 {[%clk 0:05:56]} 38. bxa5 {[%clk 0:04:39]}  Qa1 {[%clk 0:06:12]} 39. c4 {[%clk 0:04:37]}  Qb1 {[%clk 0:01:33]} 40. Bf2 {[%clk 0:01:36]}  Qg6 {[%clk 0:01:38]} 41. Bb6 {[%clk 0:30:22]}  Bxb6 {[%clk 0:23:55]} 42. axb6 {[%clk 0:29:55]}  c5 {[%clk 0:23:21]} 43. Qd1 {[%clk 0:20:26]}  Qc6+ {[%clk 0:14:23]} 44. Kh3 {[%clk 0:14:37]}  Qg6 {[%clk 0:06:52]} 45. Qf3 {[%clk 0:12:13]}  Qb1 {[%clk 0:04:44]} 46. g4 {[%clk 0:10:06]}  Qxb6 {[%clk 0:05:00]} 47. gxh5 {[%clk 0:10:29]}  Kd7 {[%clk 0:03:15]} 48. Qd5+ {[%clk 0:08:29]}  Ke7 {[%clk 0:03:42]} 49. h6 {[%clk 0:07:57]}  Qb1 {[%clk 0:01:41]} 50. Qxc5+ {[%clk 0:07:35]} 1-0

[Event "45th FIDE Chess Olympiad Open"]
[Site "Budapest, Hungary"]
[Date "2024.09.22"]
[Round "11"]
[White "Annaberdiyev, Meylis"]
[Black "Gorshtein, Ido"]
[Result "1/2-1/2"]
[Board "70"]
[WhiteFideId "14000563"]
[BlackFideId "2815532"]
[WhiteTitle "GM"]
[BlackTitle "GM"]
[WhiteElo "2431"]
[BlackElo "2543"]
[WhiteTeam "Turkmenistan"]
[BlackTeam "Israel"]
[WhiteClock "0:36:49"]
[BlackClock "1:20:19"]
[Variant "Standard"]

1. e4 {[%clk 1:30:54]}  c6 {[%clk 1:30:56]} 2. d4 {[%clk 1:30:53]}  d5 {[%clk 1:31:23]} 3. Nc3 {[%clk 1:31:15]}  dxe4 {[%clk 1:31:47]} 4. Nxe4 {[%clk 1:31:43]}  Nf6 {[%clk 1:32:10]} 5. Nxf6+ {[%clk 1:31:50]}  exf6 {[%clk 1:32:36]} 6. c3 {[%clk 1:32:00]}  Bd6 {[%clk 1:32:59]} 7. Bd3 {[%clk 1:32:26]}  O-O {[%clk 1:33:20]} 8. Qc2 {[%clk 1:32:47]}  Re8+ {[%clk 1:33:44]} 9. Ne2 {[%clk 1:33:12]}  h6 {[%clk 1:34:05]} 10. O-O {[%clk 1:28:50]}  Nd7 {[%clk 1:34:26]} 11. Bf4 {[%clk 1:13:42]}  Nf8 {[%clk 1:34:46]} 12. Bg3 {[%clk 1:14:00]}  Be6 {[%clk 1:30:42]} 13. Nf4 {[%clk 1:09:07]}  Bxf4 {[%clk 1:30:08]} 14. Bxf4 {[%clk 1:09:33]}  Qd7 {[%clk 1:29:39]} 15. h3 {[%clk 1:05:01]}  Ng6 {[%clk 1:21:57]} 16. Bxg6 {[%clk 0:58:48]}  fxg6 {[%clk 1:22:23]} 17. Qxg6 {[%clk 0:58:58]}  Qf7 {[%clk 1:21:55]} 18. Qg3 {[%clk 0:58:48]}  Kh8 {[%clk 1:21:18]} 19. b3 {[%clk 0:52:09]}  b5 {[%clk 1:20:51]} 20. Rfe1 {[%clk 0:41:48]}  a5 {[%clk 1:20:14]} 21. Bd6 {[%clk 0:41:54]}  a4 {[%clk 1:19:20]} 22. bxa4 {[%clk 0:42:17]}  Rxa4 {[%clk 1:19:18]} 23. a3 {[%clk 0:42:42]}  Raa8 {[%clk 1:19:15]} 24. Re3 {[%clk 0:40:29]}  Bd5 {[%clk 1:18:56]} 25. Rae1 {[%clk 0:36:32]}  Rxe3 {[%clk 1:18:48]} 26. Rxe3 {[%clk 0:36:50]}  Re8 {[%clk 1:18:54]} 27. Rxe8+ {[%clk 0:36:07]}  Qxe8 {[%clk 1:19:21]} 28. Kh2 {[%clk 0:36:18]}  Kh7 {[%clk 1:19:34]} 29. Qd3+ {[%clk 0:36:27]}  Qg6 {[%clk 1:19:54]} 30. Qxg6+ {[%clk 0:36:49]}  Kxg6 {[%clk 1:20:19]} 1/2-1/2

[Event "45th FIDE Chess Olympiad Open"]
[Site "Budapest, Hungary"]
[Date "2024.09.22"]
[Round "11"]
[White "Nabaty, Tamir"]
[Black "Hommadov, Amanmuhammet"]
[Result "0-1"]
[Board "71"]
[WhiteFideId "2809052"]
[BlackFideId "14005514"]
[WhiteTitle "GM"]
[WhiteElo "2630"]
[BlackElo "2181"]
[WhiteTeam "Israel"]
[BlackTeam "Turkmenistan"]
[WhiteClock "0:06:26"]
[BlackClock "0:02:45"]
[Variant "Standard"]

1. d4 {[%clk 1:30:57]}  Nf6 {[%clk 1:30:49]} 2. c4 {[%clk 1:31:22]}  g6 {[%clk 1:31:13]} 3. Nc3 {[%clk 1:31:41]}  Bg7 {[%clk 1:31:38]} 4. e4 {[%clk 1:31:58]}  O-O {[%clk 1:32:02]} 5. Be2 {[%clk 1:32:15]}  d6 {[%clk 1:32:27]} 6. h4 {[%clk 1:32:41]}  h5 {[%clk 1:31:48]} 7. Nf3 {[%clk 1:33:03]}  c5 {[%clk 1:29:09]} 8. d5 {[%clk 1:33:23]}  e6 {[%clk 1:29:07]} 9. Ng5 {[%clk 1:33:06]}  exd5 {[%clk 1:28:01]} 10. cxd5 {[%clk 1:33:10]}  a6 {[%clk 1:18:03]} 11. a4 {[%clk 1:33:32]}  Nbd7 {[%clk 1:18:25]} 12. O-O {[%clk 1:22:51]}  Re8 {[%clk 1:11:52]} 13. f4 {[%clk 1:21:36]}  Nf8 {[%clk 0:48:47]} 14. f5 {[%clk 1:14:52]}  N6d7 {[%clk 0:40:56]} 15. Bf4 {[%clk 0:55:57]}  Ne5 {[%clk 0:37:45]} 16. Qd2 {[%clk 0:53:50]}  Bd7 {[%clk 0:30:57]} 17. Rf2 {[%clk 0:53:43]}  c4 {[%clk 0:27:13]} 18. Raf1 {[%clk 0:52:36]}  b5 {[%clk 0:22:57]} 19. Nd1 {[%clk 0:44:02]}  Nh7 {[%clk 0:17:22]} 20. Nxh7 {[%clk 0:42:22]}  Kxh7 {[%clk 0:17:45]} 21. Bg5 {[%clk 0:42:36]}  Qb6 {[%clk 0:17:21]} 22. a5 {[%clk 0:39:35]}  Qc7 {[%clk 0:15:55]} 23. Ne3 {[%clk 0:39:36]}  Rac8 {[%clk 0:14:00]} 24. g4 {[%clk 0:33:05]}  c3 {[%clk 0:11:23]} 25. bxc3 {[%clk 0:32:23]}  Qxc3 {[%clk 0:11:31]} 26. Qxc3 {[%clk 0:23:57]}  Rxc3 {[%clk 0:11:56]} 27. fxg6+ {[%clk 0:24:22]}  fxg6 {[%clk 0:11:50]} 28. gxh5 {[%clk 0:24:45]}  Bh3 {[%clk 0:10:20]} 29. Ng2 {[%clk 0:21:30]}  gxh5 {[%clk 0:07:52]} 30. Bxh5 {[%clk 0:20:16]}  Rg8 {[%clk 0:07:38]} 31. Kh2 {[%clk 0:18:00]}  Bg4 {[%clk 0:05:17]} 32. Bf7 {[%clk 0:17:21]}  Rh3+ {[%clk 0:04:56]} 33. Kg1 {[%clk 0:17:49]}  Nf3+ {[%clk 0:02:48]} 34. Rxf3 {[%clk 0:18:15]}  Bxf3 {[%clk 0:03:13]} 35. Bxg8+ {[%clk 0:15:29]}  Kxg8 {[%clk 0:03:42]} 36. Rf2 {[%clk 0:06:25]}  Bd4 {[%clk 0:03:25]} 37. e5 {[%clk 0:06:34]}  dxe5 {[%clk 0:03:00]} 38. d6 {[%clk 0:06:57]}  Bc6 {[%clk 0:03:18]} 39. Kf1 {[%clk 0:05:59]}  Bxf2 {[%clk 0:03:13]} 40. Kxf2 {[%clk 0:06:26]}  Rd3 {[%clk 0:02:45]} 0-1

[Event "45th FIDE Chess Olympiad Open"]
[Site "Budapest, Hungary"]
[Date "2024.09.22"]
[Round "11"]
[White "Shirliyev, Allayar"]
[Black "Smirin, Ilia"]
[Result "1-0"]
[Board "72"]
[WhiteFideId "14004160"]
[BlackFideId "2801990"]
[BlackTitle "GM"]
[WhiteElo "2200"]
[BlackElo "2575"]
[WhiteTeam "Turkmenistan"]
[BlackTeam "Israel"]
[WhiteClock "0:05:47"]
[BlackClock "0:07:37"]
[Variant "Standard"]

1. e4 {[%clk 1:30:58]}  c5 {[%clk 1:30:48]} 2. Nc3 {[%clk 1:31:23]}  e6 {[%clk 1:30:47]} 3. Nf3 {[%clk 1:31:48]}  d6 {[%clk 1:30:39]} 4. d4 {[%clk 1:32:08]}  cxd4 {[%clk 1:31:02]} 5. Nxd4 {[%clk 1:32:33]}  a6 {[%clk 1:30:41]} 6. Bd3 {[%clk 1:31:10]}  Nf6 {[%clk 1:30:31]} 7. O-O {[%clk 1:29:01]}  Nbd7 {[%clk 1:27:28]} 8. Qe2 {[%clk 1:26:52]}  g6 {[%clk 1:23:45]} 9. Kh1 {[%clk 1:25:32]}  Bg7 {[%clk 1:23:20]} 10. f4 {[%clk 1:23:21]}  O-O {[%clk 1:22:45]} 11. a4 {[%clk 1:22:06]}  Nc5 {[%clk 1:20:14]} 12. Be3 {[%clk 1:18:39]}  b6 {[%clk 1:18:36]} 13. b4 {[%clk 1:13:35]}  Nxd3 {[%clk 1:18:28]} 14. cxd3 {[%clk 1:12:59]}  Bb7 {[%clk 1:18:11]} 15. a5 {[%clk 1:12:02]}  Rc8 {[%clk 1:13:51]} 16. Na4 {[%clk 0:59:35]}  bxa5 {[%clk 1:10:47]} 17. bxa5 {[%clk 0:59:58]}  Qxa5 {[%clk 1:10:10]} 18. Rfb1 {[%clk 0:44:48]}  Qc7 {[%clk 1:10:30]} 19. Nb6 {[%clk 0:37:06]}  Rb8 {[%clk 1:09:35]} 20. Ra4 {[%clk 0:36:00]}  Bxe4 {[%clk 1:04:46]} 21. Rc4 {[%clk 0:35:35]}  Rxb6 {[%clk 1:04:30]} 22. Rxc7 {[%clk 0:35:57]}  Rxb1+ {[%clk 1:04:53]} 23. Rc1 {[%clk 0:33:47]}  Rxc1+ {[%clk 1:04:48]} 24. Bxc1 {[%clk 0:34:15]}  Rc8 {[%clk 1:01:02]} 25. Be3 {[%clk 0:29:53]}  Bd5 {[%clk 0:59:20]} 26. Qd2 {[%clk 0:29:44]}  a5 {[%clk 0:53:54]} 27. h3 {[%clk 0:27:08]}  a4 {[%clk 0:49:56]} 28. Qb4 {[%clk 0:26:11]}  Ra8 {[%clk 0:44:07]} 29. Nb5 {[%clk 0:26:28]}  Bc6 {[%clk 0:27:44]} 30. Na3 {[%clk 0:07:12]}  Ne8 {[%clk 0:18:43]} 31. Qb6 {[%clk 0:05:27]}  Bd5 {[%clk 0:19:03]} 32. Bd4 {[%clk 0:04:37]}  Bh6 {[%clk 0:18:22]} 33. Be3 {[%clk 0:05:02]}  Ng7 {[%clk 0:18:13]} 34. Kh2 {[%clk 0:04:22]}  Nf5 {[%clk 0:18:19]} 35. Bc1 {[%clk 0:03:06]}  Rc8 {[%clk 0:13:55]} 36. Bd2 {[%clk 0:00:44]}  Bg7 {[%clk 0:14:20]} 37. Qb4 {[%clk 0:00:48]}  Bb3 {[%clk 0:12:33]} 38. Qb7 {[%clk 0:00:40]}  Rf8 {[%clk 0:12:45]} 39. Nb5 {[%clk 0:00:41]}  h5 {[%clk 0:04:13]} 40. g4 {[%clk 0:00:36]}  Bd5 {[%clk 0:02:05]} 41. Qb6 {[%clk 0:00:52]}  Nh4 {[%clk 0:01:00]} 42. Kg3 {[%clk 0:25:42]}  a3 {[%clk 0:24:29]} 43. Nxa3 {[%clk 0:19:13]}  Nf3 {[%clk 0:24:49]} 44. Be3 {[%clk 0:19:34]}  Ra8 {[%clk 0:23:35]} 45. Qb4 {[%clk 0:17:15]}  h4+ {[%clk 0:21:53]} 46. Kf2 {[%clk 0:17:32]}  f5 {[%clk 0:22:18]} 47. g5 {[%clk 0:17:24]}  Bf8 {[%clk 0:20:49]} 48. Bc1 {[%clk 0:17:01]}  Ra7 {[%clk 0:20:37]} 49. Bb2 {[%clk 0:15:47]}  Rc7 {[%clk 0:09:40]} 50. Nc4 {[%clk 0:13:55]}  Rb7 {[%clk 0:09:41]} 51. Nb6 {[%clk 0:07:00]}  Kh7 {[%clk 0:10:04]} 52. Qb5 {[%clk 0:05:41]}  Nd2 {[%clk 0:07:02]} 53. Qe8 {[%clk 0:05:25]}  e5 {[%clk 0:07:13]} 54. Qxf8 {[%clk 0:05:22]}  Rxb6 {[%clk 0:07:37]} 55. Qe7+ {[%clk 0:05:47]} 1-0

[Event "45th FIDE Chess Olympiad Open"]
[Site "Budapest, Hungary"]
[Date "2024.09.22"]
[Round "11"]
[White "Kozak, Adam"]
[Black "Sadorra, Julio Catalino"]
[Result "1-0"]
[Board "73"]
[WhiteFideId "753246"]
[BlackFideId "5201268"]
[WhiteTitle "GM"]
[BlackTitle "GM"]
[WhiteElo "2609"]
[BlackElo "2542"]
[WhiteTeam "Hungary B"]
[BlackTeam "Philippines"]
[WhiteClock "0:03:57"]
[BlackClock "0:01:27"]
[Variant "Standard"]

1. c4 {[%clk 1:30:57]}  e6 {[%clk 1:30:44]} 2. Nc3 {[%clk 1:30:08]}  d5 {[%clk 1:31:08]} 3. d4 {[%clk 1:30:34]}  Nf6 {[%clk 1:31:31]} 4. Nf3 {[%clk 1:29:35]}  Nbd7 {[%clk 1:31:29]} 5. cxd5 {[%clk 1:28:02]}  exd5 {[%clk 1:31:52]} 6. Bg5 {[%clk 1:28:28]}  c6 {[%clk 1:31:55]} 7. e3 {[%clk 1:27:39]}  Be7 {[%clk 1:30:32]} 8. Qc2 {[%clk 1:27:28]}  O-O {[%clk 1:30:27]} 9. Bd3 {[%clk 1:27:26]}  h6 {[%clk 1:30:28]} 10. Bf4 {[%clk 1:20:53]}  Nh5 {[%clk 1:30:21]} 11. O-O {[%clk 1:17:35]}  Nxf4 {[%clk 1:26:56]} 12. exf4 {[%clk 1:17:57]}  Bd6 {[%clk 1:27:23]} 13. Qd2 {[%clk 1:16:23]}  Re8 {[%clk 1:20:05]} 14. g3 {[%clk 1:06:31]}  Nf8 {[%clk 1:16:38]} 15. Kg2 {[%clk 1:03:19]}  Be6 {[%clk 1:05:35]} 16. Rfe1 {[%clk 1:00:09]}  f6 {[%clk 1:04:03]} 17. Nd1 {[%clk 0:51:38]}  Qb6 {[%clk 0:53:03]} 18. a3 {[%clk 0:51:32]}  Bg4 {[%clk 0:45:28]} 19. Ne3 {[%clk 0:51:40]}  Bxf3+ {[%clk 0:44:57]} 20. Kxf3 {[%clk 0:52:07]}  g6 {[%clk 0:45:12]} 21. f5 {[%clk 0:42:44]}  g5 {[%clk 0:44:12]} 22. Bc2 {[%clk 0:42:53]}  Kg7 {[%clk 0:42:14]} 23. h4 {[%clk 0:37:59]}  c5 {[%clk 0:37:48]} 24. hxg5 {[%clk 0:31:06]}  hxg5 {[%clk 0:37:40]} 25. Nxd5 {[%clk 0:22:19]}  Qc6 {[%clk 0:36:34]} 26. dxc5 {[%clk 0:22:34]}  Bxc5 {[%clk 0:27:05]} 27. b4 {[%clk 0:21:28]}  Bb6 {[%clk 0:19:15]} 28. Bb3 {[%clk 0:21:12]}  Nd7 {[%clk 0:15:57]} 29. Rac1 {[%clk 0:17:31]}  Qd6 {[%clk 0:16:21]} 30. Kg2 {[%clk 0:17:56]}  Ne5 {[%clk 0:15:16]} 31. Qe2 {[%clk 0:08:02]}  Rh8 {[%clk 0:02:55]} 32. Red1 {[%clk 0:04:42]}  Rh6 {[%clk 0:00:55]} 33. Nf4 {[%clk 0:02:10]}  Rah8 {[%clk 0:00:36]} 34. Nh5+ {[%clk 0:02:28]}  Rxh5 {[%clk 0:01:01]} 35. Qxh5 {[%clk 0:02:54]}  Qe7 {[%clk 0:00:38]} 36. Qxh8+ {[%clk 0:02:40]}  Kxh8 {[%clk 0:00:54]} 37. Rc8+ {[%clk 0:03:05]}  Kg7 {[%clk 0:01:00]} 38. Rg8+ {[%clk 0:03:30]}  Kh7 {[%clk 0:01:27]} 39. Rh1# {[%clk 0:03:57]} 1-0

[Event "45th FIDE Chess Olympiad Open"]
[Site "Budapest, Hungary"]
[Date "2024.09.22"]
[Round "11"]
[White "Quizon, Daniel"]
[Black "Banusz, Tamas"]
[Result "1/2-1/2"]
[Board "74"]
[WhiteFideId "5217911"]
[BlackFideId "722413"]
[WhiteTitle "IM"]
[BlackTitle "GM"]
[WhiteElo "2490"]
[BlackElo "2605"]
[WhiteTeam "Philippines"]
[BlackTeam "Hungary B"]
[WhiteClock "0:30:02"]
[BlackClock "0:09:57"]
[Variant "Standard"]

1. e4 {[%clk 1:30:58]}  c5 {[%clk 1:30:54]} 2. Nc3 {[%clk 1:31:06]}  Nc6 {[%clk 1:31:17]} 3. Nge2 {[%clk 1:31:30]}  Nf6 {[%clk 1:31:37]} 4. g3 {[%clk 1:30:05]}  d5 {[%clk 1:31:55]} 5. exd5 {[%clk 1:28:41]}  Nd4 {[%clk 1:32:16]} 6. Bg2 {[%clk 1:24:53]}  Bg4 {[%clk 1:30:42]} 7. h3 {[%clk 1:18:31]}  Bf3 {[%clk 1:30:51]} 8. Bxf3 {[%clk 1:18:32]}  Nxf3+ {[%clk 1:31:15]} 9. Kf1 {[%clk 1:18:59]}  Nd4 {[%clk 1:28:06]} 10. Kg2 {[%clk 1:00:04]}  Nxd5 {[%clk 1:26:43]} 11. Nxd4 {[%clk 0:59:42]}  cxd4 {[%clk 1:26:50]} 12. Nxd5 {[%clk 0:58:46]}  Qxd5+ {[%clk 1:27:14]} 13. Qf3 {[%clk 0:59:12]}  Qxf3+ {[%clk 1:21:10]} 14. Kxf3 {[%clk 0:59:34]}  Rc8 {[%clk 1:21:35]} 15. c3 {[%clk 0:59:44]}  g6 {[%clk 1:21:54]} 16. cxd4 {[%clk 0:58:08]}  Bg7 {[%clk 1:22:16]} 17. d3 {[%clk 0:57:58]}  Rc2 {[%clk 1:19:49]} 18. Re1 {[%clk 0:46:06]}  Kd7 {[%clk 1:15:00]} 19. Bg5 {[%clk 0:45:52]}  e6 {[%clk 1:12:44]} 20. d5 {[%clk 0:46:15]}  e5 {[%clk 1:04:03]} 21. Re2 {[%clk 0:36:46]}  Rhc8 {[%clk 1:02:09]} 22. Rae1 {[%clk 0:36:51]}  f5 {[%clk 0:59:05]} 23. Rxc2 {[%clk 0:35:17]}  Rxc2 {[%clk 0:59:33]} 24. Re2 {[%clk 0:35:30]}  Rc5 {[%clk 0:52:14]} 25. Be3 {[%clk 0:34:48]}  Rxd5 {[%clk 0:52:37]} 26. Rd2 {[%clk 0:35:02]}  Rd6 {[%clk 0:47:53]} 27. Ke2 {[%clk 0:32:56]}  Rc6 {[%clk 0:48:06]} 28. Kd1 {[%clk 0:33:01]}  a6 {[%clk 0:48:02]} 29. Rc2 {[%clk 0:32:44]}  h5 {[%clk 0:43:36]} 30. f3 {[%clk 0:31:00]}  Rxc2 {[%clk 0:39:12]} 31. Kxc2 {[%clk 0:31:20]}  Kc6 {[%clk 0:39:35]} 32. b3 {[%clk 0:31:25]}  Kd5 {[%clk 0:39:51]} 33. Kd2 {[%clk 0:31:33]}  Bf6 {[%clk 0:37:44]} 34. Ke2 {[%clk 0:31:02]}  Be7 {[%clk 0:36:00]} 35. Bc1 {[%clk 0:30:49]}  Bd6 {[%clk 0:35:06]} 36. Bb2 {[%clk 0:30:43]}  b5 {[%clk 0:29:55]} 37. Bc3 {[%clk 0:30:15]}  g5 {[%clk 0:26:54]} 38. g4 {[%clk 0:30:16]}  hxg4 {[%clk 0:27:19]} 39. hxg4 {[%clk 0:30:37]}  b4 {[%clk 0:27:39]} 40. Be1 {[%clk 0:28:32]}  f4 {[%clk 0:27:32]} 41. Kd2 {[%clk 0:27:56]}  Bc5 {[%clk 0:18:45]} 42. Kc2 {[%clk 0:27:09]}  a5 {[%clk 0:15:00]} 43. Bd2 {[%clk 0:27:18]}  Bf2 {[%clk 0:12:36]} 44. Bc1 {[%clk 0:27:19]}  Be1 {[%clk 0:11:29]} 45. Bb2 {[%clk 0:27:25]}  Bg3 {[%clk 0:10:17]} 46. Ba1 {[%clk 0:27:44]}  Bh4 {[%clk 0:10:29]} 47. Bb2 {[%clk 0:28:12]}  Bf2 {[%clk 0:10:49]} 48. Ba1 {[%clk 0:28:31]}  Bd4 {[%clk 0:08:58]} 49. Bxd4 {[%clk 0:28:53]}  Kxd4 {[%clk 0:09:23]} 50. Kd2 {[%clk 0:29:18]}  Kd5 {[%clk 0:09:48]} 51. Kc2 {[%clk 0:29:41]}  Kc5 {[%clk 0:09:57]} 52. Kc1 {[%clk 0:30:02]} 1/2-1/2

[Event "45th FIDE Chess Olympiad Open"]
[Site "Budapest, Hungary"]
[Date "2024.09.22"]
[Round "11"]
[White "Prohaszka, Peter"]
[Black "Gomez, John Paul"]
[Result "1-0"]
[Board "75"]
[WhiteFideId "726265"]
[BlackFideId "5201381"]
[WhiteTitle "GM"]
[BlackTitle "GM"]
[WhiteElo "2542"]
[BlackElo "2408"]
[WhiteTeam "Hungary B"]
[BlackTeam "Philippines"]
[WhiteClock "0:24:05"]
[BlackClock "0:26:53"]
[Variant "Standard"]

1. Nf3 {[%clk 1:30:56]}  Nf6 {[%clk 1:30:45]} 2. g3 {[%clk 1:31:04]}  g6 {[%clk 1:29:52]} 3. Bg2 {[%clk 1:28:03]}  Bg7 {[%clk 1:30:09]} 4. d4 {[%clk 1:28:24]}  d5 {[%clk 1:29:25]} 5. O-O {[%clk 1:28:35]}  O-O {[%clk 1:29:44]} 6. c3 {[%clk 1:28:50]}  b6 {[%clk 1:26:55]} 7. c4 {[%clk 1:28:55]}  e6 {[%clk 1:18:32]} 8. Bg5 {[%clk 1:24:54]}  Bb7 {[%clk 1:15:40]} 9. cxd5 {[%clk 1:25:05]}  exd5 {[%clk 1:15:44]} 10. Nc3 {[%clk 1:25:24]}  Nbd7 {[%clk 0:59:54]} 11. Rc1 {[%clk 1:23:41]}  h6 {[%clk 0:51:05]} 12. Bxf6 {[%clk 1:23:12]}  Nxf6 {[%clk 0:51:15]} 13. b4 {[%clk 1:23:33]}  c6 {[%clk 0:38:21]} 14. Ne5 {[%clk 1:09:11]}  Nd7 {[%clk 0:34:27]} 15. Nxd7 {[%clk 0:47:21]}  Qxd7 {[%clk 0:34:46]} 16. a4 {[%clk 0:47:38]}  Rfd8 {[%clk 0:32:41]} 17. e3 {[%clk 0:47:05]}  a5 {[%clk 0:20:47]} 18. bxa5 {[%clk 0:37:39]}  bxa5 {[%clk 0:20:54]} 19. Qc2 {[%clk 0:31:34]}  Ba6 {[%clk 0:19:03]} 20. Rfd1 {[%clk 0:31:37]}  Rab8 {[%clk 0:19:00]} 21. Bf1 {[%clk 0:31:18]}  Bxf1 {[%clk 0:19:13]} 22. Rxf1 {[%clk 0:29:48]}  Rb4 {[%clk 0:14:25]} 23. Ne2 {[%clk 0:27:48]}  Rc4 {[%clk 0:08:27]} 24. Qa2 {[%clk 0:26:29]}  Rxc1 {[%clk 0:08:07]} 25. Rxc1 {[%clk 0:26:11]}  Bf8 {[%clk 0:07:54]} 26. Qb3 {[%clk 0:23:53]}  Bb4 {[%clk 0:04:55]} 27. Nf4 {[%clk 0:24:02]}  Rb8 {[%clk 0:02:42]} 28. Qc2 {[%clk 0:18:59]}  Rc8 {[%clk 0:02:07]} 29. Nd3 {[%clk 0:14:50]}  Bd6 {[%clk 0:02:27]} 30. Qc3 {[%clk 0:15:05]}  Qc7 {[%clk 0:02:38]} 31. Kg2 {[%clk 0:13:01]}  h5 {[%clk 0:02:57]} 32. h4 {[%clk 0:11:30]}  Qb6 {[%clk 0:02:09]} 33. Nc5 {[%clk 0:10:56]}  Bxc5 {[%clk 0:01:49]} 34. Qxc5 {[%clk 0:11:10]}  Qb4 {[%clk 0:01:27]} 35. Qa7 {[%clk 0:07:30]}  Qxa4 {[%clk 0:01:01]} 36. Qb7 {[%clk 0:07:39]}  Re8 {[%clk 0:00:51]} 37. Rxc6 {[%clk 0:07:34]}  Qa2 {[%clk 0:00:34]} 38. Qd7 {[%clk 0:03:09]}  Rb8 {[%clk 0:00:32]} 39. Rc7 {[%clk 0:01:18]}  Rf8 {[%clk 0:00:55]} 40. Ra7 {[%clk 0:01:42]}  Kg7 {[%clk 0:01:01]} 41. Qb5 {[%clk 0:01:20]}  Rd8 {[%clk 0:29:26]} 42. Qb7 {[%clk 0:24:35]}  Rf8 {[%clk 0:29:42]} 43. Qc6 {[%clk 0:24:40]}  Rb8 {[%clk 0:26:53]} 44. Qc7 {[%clk 0:24:05]} 1-0